Principles and Practice of Teaching (Record no. 3854)

MARC details
005 - DATE AND TIME OF LATEST TRANSACTION
control field 20250612122235.0
020 ## - INTERNATIONAL STANDARD BOOK NUMBER
International Standard Book Number 978-1-032-38974-5
082 ## - DEWEY DECIMAL CLASSIFICATION NUMBER
Classification number 370.7 ROB
100 ## - MAIN ENTRY--PERSONAL NAME
Author name ROBINSON, A .
245 ## - TITLE STATEMENT
Title Principles and Practice of Teaching
260 ## - PUBLICATION, DISTRIBUTION, ETC.
Place of publication, distribution, etc. New York,
Name of publisher, distributor, etc. George Allen &Unwin Ltd,
Date of publication, distribution, etc. 1980.
300 ## - PHYSICAL DESCRIPTION
Extent 160p.: ill.; figure, table,
Other physical details index,
Dimensions 20cm.
942 ## - ADDED ENTRY ELEMENTS (KOHA)
Source of classification or shelving scheme Dewey Decimal Classification
Koha item type Books
Holdings
Date last seen Total checkouts Full call number Barcode Cost, replacement price Price effective from Koha item type Lost status Source of classification or shelving scheme Damaged status Not for loan Withdrawn status Home library Current library Shelving location Date acquired Cost, normal purchase price
06/12/2025   370.7 ROB 00000012738 30000.00 06/12/2025 Books   Dewey Decimal Classification       College of Business Education Main Library College of Business Education Main Library General Collection 09/17/2024 10000.00
06/12/2025   370.7 ROB 00000012739 30000.00 06/12/2025 Books   Dewey Decimal Classification       College of Business Education Main Library College of Business Education Main Library General Collection 09/17/2024 10000.00
06/12/2025   370.7 ROB 00000012740 30000.00 06/12/2025 Books   Dewey Decimal Classification       College of Business Education Main Library College of Business Education Main Library General Collection 09/17/2024 10000.00
06/12/2025   370.7 ROB 00000012741 30000.00 06/12/2025 Books   Dewey Decimal Classification       College of Business Education Main Library College of Business Education Main Library General Collection 09/17/2024 10000.00
06/12/2025   370.7 ROB 00000012742 30000.00 06/12/2025 Books   Dewey Decimal Classification       College of Business Education Main Library College of Business Education Main Library General Collection 09/17/2024 10000.00